| 000 | 00465nam a2200181Ia 4500 | ||
|---|---|---|---|
| 001 | 25157 | ||
| 005 | 20260414151131.0 | ||
| 008 | 260414t2011||||xx |||||||||||||| ||spa|| | ||
| 041 | _aESP | ||
| 082 |
_a346.241 _bA66 |
||
| 100 |
_aArata Solís, Moisés _eAUT |
||
| 245 | 0 |
_aLa sociedad de gananciales : _brégimen de comunidad y sus deudas |
|
| 260 | _c2011 | ||
| 300 |
_a518 páginas : _c24 cm. |
||
| 650 | _aDER | ||
| 654 | _aCDE | ||
| 942 |
_cLIB _dJUS _fJUS _2ddc _n |
||
| 999 |
_c25157 _d25157 |
||